Píšeme a telefonujeme německy : Němčina pro ekonomické obory
Guardado en:
| Autor principal: | |
|---|---|
| Formato: | Libro |
| Lenguaje: | checo |
| Publicado: |
Plzeň :
Fraus,
1998
|
| Edición: | 1. |
| Etiquetas: |
Sin Etiquetas, Sea el primero en etiquetar este registro!
|
MARC
| LEADER | 00000nam a22000003a 4500 | ||
|---|---|---|---|
| 001 | stu51771 | ||
| 005 | 20150617225707.5 | ||
| 008 | 000126s1998----xr------------------cze-d | ||
| 020 | |a 80-7238-030-3 | ||
| 040 | |a STU |b slo | ||
| 041 | 0 | |a cze | |
| 044 | |a xr | ||
| 080 | |a 803.0 |7 stu_us_auth*stu8372 | ||
| 100 | 1 | |a Kettnerová, Drahomíra |4 aut | |
| 245 | 1 | |a Píšeme a telefonujeme německy : |b Němčina pro ekonomické obory | |
| 250 | |a 1. | ||
| 260 | |a Plzeň : |b Fraus, |c 1998 | ||
| 300 | |a 61 s | ||
| 996 | |b 284M000137 |c M*B-276 |l MMKN |s A |a 24 |w stu51771_0001 | ||